000 00890nam a22002537a 4500
001 5730
003 FISKH
005 20250116165230.0
008 250116b cb ||||| |||| 00| 0 eng d
020 _a9781577688686
040 _aFISKH
_beng
_cFISKH
_dFISKH
050 _aQC944.2
082 _a363.34
100 _aDixon, Dougal
245 _aHurricane destruction /
_cby Dougal Dixon
260 _aColumbus, Ohio :
_bWaterbird Books ;
_c2004.
300 _a32 pages :
_bcolor illustrations ;maps ;
_c29 cm .
490 _aExpedtion earth
520 _aExamines hurricanes, how wind is formed that creates them, where most hurricanes occur, how scientists detect them, and case studies for the Galveston disaster in 1900 and Hurricane Andrew in 1992.
650 _anatural disasters
_vnon-fiction
700 _aAlston, John
_eillustrator
942 _2ddc
_cBK
_n0
999 _c5730
_d5730